Score 0/142 Timer 05:00
0 Plays Today
% Correct
a
96.2%
a
96.2%
a
96.2%
a
96.2%
a
96.2%
a
96.2%
to
94.8%
tiny
92.2%
Tiny
92.2%
Tiny
92.2%
tiny
92.2%
Tiny
92.2%
Toon
91.1%
Toon
91.1%
toon
91.1%
Toon
91.1%
We
88.5%
we
88.4%
the
86.5%
The
86.4%
the
86.4%
The
86.4%
the
86.4%
And
84%
and
84%
and
84%
and
84%
and
84%
And
84%
all
81.5%
all
81.5%
all
81.5%
We're
81.4%
we're
81.4%
We're
81.4%
We're
81.4%
We're
81.4%
were
81.4%
We're
81.4%
we're
81.4%
We're
81.4%
little
81%
little
81%
loony
79.3%
loony
79.3%
On
79.1%
toony
78.4%
toony
78.4%
% Correct
in
76.6%
is
70.9%
is
70.9%
is
70.9%
is
70.9%
this
65.4%
Adventures
65.2%
Adventures
65.2%
Adventures
65.2%
your
65.1%
It
62.9%
TV
62%
cartoon
61.6%
Our
60.2%
our
60.2%
our
60.2%
So
58.2%
invading
58.1%
cartoony
57.9%
fun
57.1%
It's
55.5%
It's
55.5%
of
54.2%
of
54.2%
Acme
51.4%
Acme
51.4%
Come
50.3%
now
49.8%
Babs
48.2%
Buster
47.5%
Bunny
46.6%
At
46.4%
song
46.2%
done
46.1%
up
43.3%
They're
40.9%
they're
40.8%
They're
40.8%
get
39.9%
join
39.6%
censors
39.3%
Plucky
39.1%
start
38.2%
world
38.1%
crack
38%
Acres
37.8%
about
37.2%
degree
36.9%
% Correct
comic
36.2%
Elmyra
36.1%
has
35.7%
earn
35%
Dizzy
34.6%
funny
34.2%
Max
34.1%
here's
33.6%
insane
32.7%
whole
32.7%
comedy
32.5%
dose
32.4%
money
32.1%
wide
31.5%
dispensers
31.3%
pain
31.3%
Montana
30.9%
art
30.5%
work
29.9%
since
29.5%
Looniversity
28.9%
1933
28.4%
Go-Go
28.1%
There's
27.4%
been
27.4%
home
27.3%
home
27.3%
apart
27.2%
laughs
27%
Expect
26.2%
unexpected
26.2%
furry
25.3%
getting
25.3%
Hamton
24.5%
unlucky
23.9%
sweet
23.8%
rejected
23.2%
Furrball's
22.6%
scripts
21.9%
alone
21.6%
stands
21.2%
Devil's
20.7%
staff's
18.7%
teaching
18.6%
yucky
16.4%
Cause
10.7%
Remove Ads.
Support Sporcle.
Get the best of Sporcle when you Go Orange. This ad-free experience offers more features, more stats, and more fun while also helping to support Sporcle. Thank you for becoming a member.

You're not logged in!

Compare scores with friends on all Sporcle quizzes.
OR
Log In

Show Comments

Extras

Top Quizzes Today


Score Distribution

Your Account Isn't Verified!

In order to create a playlist on Sporcle, you need to verify the email address you used during registration. Go to your Sporcle Settings to finish the process.

Report this User

Report this user for behavior that violates our Community Guidelines.

Details: